000 00580nam a2200217Ia 4500
005 20231116114624.0
008 131103s9999 xx 000 0 und d
020 _a0-7453-2373-1
_cRs.1288
040 _aLoreto College
041 _aEnglish
082 _a323
_bEVA
100 _aEvans, Tony
245 4 _aThe Politics of Human Rights
_bA Global Perspective
_cTony Evans
250 _a2nd ed
260 _aLondon
_bPluto
_c2005
300 _ax,162p
504 _aIncludes bibliographical references and index
650 _aHuman rights
850 _aLCLIB
942 _cBK
999 _c16518
_d66997